| 000 | 01066nam a2200301 4500 | ||
|---|---|---|---|
| 003 | EC-UNACH | ||
| 005 | 20251024135032.0 | ||
| 006 | s||||gr|||| 00| 00 | ||
| 008 | 150116t9999 mx r gr 000 0 spa d | ||
| 020 | _a978-9942-28-209-5 | ||
| 040 |
_aEC-UNACH _cEC-UNACH |
||
| 041 | _aspa | ||
| 082 | 0 | 4 |
_223 _a345 _bL017875 |
| 110 | _aEmpresdame Graficas | ||
| 245 | _aProcedimiento penal ordinario | ||
| 250 | _aPrimera edición | ||
| 264 |
_aEcuador _bEmpresdame Graficas _c2017 |
||
| 300 | _a286 | ||
| 505 | _aCapítulo 1- Los problemas en la aplicación del código orgánico integral penal Capitulo 2- El procedimiento penal Capitulo 3- Tramite del procedimiento penal ordinario Capitulo 4- Practica del procedimiento penal ordinario. | ||
| 650 | _aCódigo orgánico integral penal | ||
| 650 | _aCorte nacional de justicia | ||
| 650 | _aReglamento y acuerdo ministerial | ||
| 700 | _aLuis Cueva Carrión | ||
| 942 |
_2ddc _c1 |
||
| 999 | _c14083 | ||